000 00337nam a2200133Ia 4500
008 220204s9999 xx 000 0 und d
082 _a061.6:63(058)
_bCHA
100 _aChandel, A S
245 0 _aAgricultural institutions in SAARC countries
250 _a2
260 _aBangladesh
_bSAIC
_c1996
700 _aKamal, R M
942 _cBK
999 _c44010
_d44010